Najczęściej odwiedzane państwa przez prezydentów USA - Statystyki

Ogólne statystyki
  • Ten quiz został rozwiązany 51 284 razy
    26 991 od ostatniego zresetowania
  • Średni wynik to 16 z 22
Statystyki odpowiedzi
Wizyty Kraj % Poprawnych
16 Polska
99%
16 Rosja
97%
45 Francja
95%
41 Kanada
95%
35 Niemcy
95%
13 Chiny
93%
34 Meksyk
93%
49 Wielka Brytania
93%
11 Hiszpania
92%
13 Brazylia
88%
25 Japonia
87%
32 Włochy
87%
20 Korea Południowa
75%
20 Belgia
62%
17 Egipt
61%
12 Irlandia
54%
13 Izrael
54%
12 Szwajcaria
54%
13 Arabia Saudyjska
51%
22 Watykan
35%
10 Panama
29%
10 Filipiny
28%
Nie znaleziono quizów pasujących do podanych kryteriów
Rozkład punktacji
Procent ludzi z każdym wynikiem
Percentyl według liczby udzielonych odpowiedzi
Twoja historia wyników
Nie rozwiązałeś tego quizu od ostatniego zresetowania